Family Guy Episode Screenshot Quiz S1-S3 - Statistics

General Stats
  • This quiz has been taken 12 times
  • The average score is 19 of 50
Answer Stats
Picture Answer % Correct
Da Boom
88%
Death Has a Shadow
75%
Emission Impossible
63%
The Thin White Line
63%
When You WIsh Upon a Weinstein
63%
Dammit, Janet!
50%
E Peterbus Unum
50%
Mr. Saturday Knight
50%
Road to Rhode Island
50%
The Son Also Draws
50%
To Love And Die In Dixie
50%
A Hero Sits Next Door
38%
Brian Does Hollywood
38%
Brian: Portrait of a Dog
38%
Brian Wallows and Peter's Swallows
38%
Chitty Chitty Death Bang
38%
Death is a Bitch
38%
Fore, Father
38%
He's Too Sexy For His Fat
38%
Holy Crap
38%
I Never Met the Dead Man
38%
Lethal Weapons
38%
Let's Go to the Hop
38%
Love Thy Trophy
38%
Mind Over Murder
38%
One If By Clam, Two If By Sea
38%
Peter, Peter, Caviar Eater
38%
Road to Europe
38%
Running Mates
38%
The Kiss Seen Round the World
38%
There's Something About Paulie
38%
Wasted Talent
38%
And The Weiner is
25%
A Picture's Worth a Thousand Bucks
25%
A Very Special Family Guy Freakin' Christmas
25%
Brian In Love
25%
Family Guy Viewer Mail No. 1
25%
Fifteen Minutes of Shame
25%
From Method to Madness
25%
I am Peter, Hear Me Roar
25%
If I'm Dyin', I'm Lyin'
25%
Mr. Griffin Goes to Washington
25%
Peter Griffin: Husband, Father, Brother?
25%
Ready, Willing and Disabled
25%
Screwed The Pooch
25%
Stuck Together, Torn Apart
25%
The King is Dead
25%
The Story on Page One
25%
A Fish Out of Water
13%
Death Lives
13%
No matching quizzes found
Score Distribution
Percent of People with Each Score
Percentile by Number Answered
Your Score History
You have not taken this quiz